Ensayo sobre la lucidez / (Registro nro. 10786)

Detalles MARC
000 -LEADER
fixed length control field 01164cam a2200397 i 4500
001 - CONTROL NUMBER
control field 0000512
003 - CONTROL NUMBER IDENTIFIER
control field DO-SdBNP
005 - DATE AND TIME OF LATEST TRANSACTION
control field 20171214083327.0
007 - PHYSICAL DESCRIPTION FIXED FIELD--GENERAL INFORMATION
fixed length control field 0000512
008 - FIXED-LENGTH DATA ELEMENTS--GENERAL INFORMATION
fixed length control field 100514s 2004 sp | |||| 000 f spa
015 ## - NATIONAL BIBLIOGRAPHY NUMBER
National bibliography number
017 ## - COPYRIGHT OR LEGAL DEPOSIT NUMBER
Copyright or legal deposit number
Assigning agency
020 ## - INTERNATIONAL STANDARD BOOK NUMBER
International Standard Book Number 8420401706
035 ## - SYSTEM CONTROL NUMBER
System control number
040 ## - CATALOGING SOURCE
Original cataloging agency BPMSU
Language of cataloging spa
Transcribing agency BPMSU
Description conventions
080 ## - UNIVERSAL DECIMAL CLASSIFICATION NUMBER
Universal Decimal Classification number
082 #4 - DEWEY DECIMAL CLASSIFICATION NUMBER
Classification number 869.342
Item number S243e
100 1# - MAIN ENTRY--PERSONAL NAME
Personal name Saramago, José,
Dates associated with a name 1922-2010
240 10 - UNIFORM TITLE
Uniform title <a href="Ensaio sobre a lucidez /">Ensaio sobre a lucidez /</a>
Language of a work Español
245 10 - TITLE STATEMENT
Title Ensayo sobre la lucidez /
Medium
Statement of responsibility, etc. José Saramago ; traducción Pilar del Río
250 ## - EDITION STATEMENT
Edition statement
260 ## - PUBLICATION, DISTRIBUTION, ETC. (IMPRINT)
Place of publication, distribution, etc. México:
Name of publisher, distributor, etc. Alfaguara,
-- Santillana Ediciones Generales,
Date of publication, distribution, etc. 2004
300 ## - PHYSICAL DESCRIPTION
Extent 423 p.;
Dimensions 22 cm
490 1# - SERIES STATEMENT
Series statement Biblioteca José Saramago
500 ## - GENERAL NOTE
General note Incluye datos biográficos del autor en la solapa de la cubierta
500 ## - GENERAL NOTE
General note Título original en portugués: Ensaio sobre a lucidez
586 ## - AWARDS NOTE
Awards note Premio Novel de Literatura
650 #4 - SUBJECT ADDED ENTRY--TOPICAL TERM
Topical term or geographic name as entry element NOVELA PORTUGUESA
650 #4 - SUBJECT ADDED ENTRY--TOPICAL TERM
Topical term or geographic name as entry element LITERATURA PORTUGUESA
700 12 - ADDED ENTRY--PERSONAL NAME
Personal name Río, Pilar del,
Relator term tr.
830 #0 - SERIES ADDED ENTRY--UNIFORM TITLE
Uniform title Biblioteca José Saramago
942 ## - ADDED ENTRY ELEMENTS (KOHA)
Source of classification or shelving scheme Dewey Decimal Classification
Koha item type Libros
945 ## - LOCAL PROCESSING INFORMATION (OCLC)
a
956 ## - LOCAL ELECTRONIC LOCATION AND ACCESS (OCLC)
Host name
Field link and sequence number
Compression information
956 ## - LOCAL ELECTRONIC LOCATION AND ACCESS (OCLC)
Host name VMATEO
Access number 10
Existencias
Withdrawn status Lost status Source of classification or shelving scheme Damaged status Not for loan Collection code Home library Current library Date acquired Total Checkouts Full call number Barcode Date last seen Price effective from Koha item type
    Dewey Decimal Classification     Colección General Biblioteca Pública Metropolitana Salomé Ureña Biblioteca Pública Metropolitana Salomé Ureña 09/27/2016   869.342 S243e, 2009 BPMSU16090491 09/27/2016   Libros